[Event "FSFMA December 2011"]
[Site "Budapest HUN"]
[Date "2011.12.11"]
[Round "9"]
[White "Gupta,B"]
[Black "Koczo,K"]
[Result "1/2-1/2"]
[WhiteElo "1998"]
[BlackElo "2147"]
[WhiteFideId "5086310"]
[BlackFideId "723460"]
[EventDate "2011.12.03"]

1. e4 c6 2. d4 d5 3. e5 e6 4. c3 b6 5. Nd2 Ba6 6. Bxa6 Nxa6 7. Nf1 Qd7 8. Nf3
Ne7 9. Ng3 Rc8 10. O-O g6 11. Bg5 Nf5 12. Nxf5 gxf5 13. Qd2 Be7 14. b3 Nc7 15.
Bf6 Rg8 16. Qh6 Qd8 17. Bxe7 Qxe7 18. Qxh7 Kd7 19. Qh4 Qxh4 20. Nxh4 c5 21. a4
cxd4 22. cxd4 Na6 23. Rac1 Nb4 24. Nf3 Na2 25. Rxc8 Rxc8 26. h4 Nc1 27. b4 Rc4
28. Rd1 Ne2+ 29. Kf1 Nc3 30. Rc1 Nxa4 31. Rxc4 dxc4 32. h5 Ke7 33. h6 Kf8 34. h7
Kg7 35. Ng5 a5 36. bxa5 bxa5 37. Nxf7 Kxh7 38. Ng5+ Kg8 39. Nxe6 Nc3 40. Ke1 a4
41. Kd2 Ne4+ 42. Kc2 Nxf2 43. Nc7 Nd3 44. Nb5 Ne1+ 45. Kc3 Nxg2 46. Kxc4 Ne3+
47. Kb4 f4 48. Nd6 f3 49. Ne4 Nd5+ 50. Ka3 Kg7 51. Nf2 Nb6 52. Ne4 Kg6 53. e6
Nd5 54. Nf2 Kf5 55. Kxa4 Kxe6 56. Kb5 Kf5 57. Kc5 Nf6 58. d5 1/2-1/2

[Event "FSFMA December 2011"]
[Site "Budapest HUN"]
[Date "2011.12.11"]
[Round "9"]
[White "Gal,Han"]
[Black "Laza,S"]
[Result "0-1"]
[WhiteElo "1924"]
[BlackElo "1869"]
[WhiteFideId "711861"]
[BlackFideId "741345"]
[EventDate "2011.12.03"]

1. e4 c5 2. Nf3 d6 3. c3 Nf6 4. Be2 Nc6 5. d4 cxd4 6. cxd4 Nxe4 7. d5 Qa5+ 8.
Nc3 Ne5 9. O-O Nxc3 10. bxc3 e6 11. c4 Nxf3+ 12. Bxf3 e5 13. Be3 Qc7 14. Be2 Be7
15. f4 Bf6 16. fxe5 Bxe5 17. Rb1 O-O 18. Bd3 b6 19. Qf3 Ba6 20. Rbc1 Rae8 21.
Kh1 Qe7 22. Bd2 Bc8 23. Rce1 Qh4 24. g3 Qg4 25. Qg2 Qh5 26. Re4 Bh3 27. Qf3
Qxf3+ 28. Rxf3 f5 29. Re1 Bg4 30. Rff1 Bh3 31. Rf3 Re7 32. Bf4 Rfe8 33. Rfe3 Kf7
34. Bg5 Bf6 35. Rxe7+ Rxe7 36. Rxe7+ Kxe7 37. Be3 h6 38. Kg1 g5 39. Kf2 Be5 40.
Bf1 Bxf1 41. Kxf1 f4 42. gxf4 Bxf4 43. Bg1 g4 44. Ke2 Kf6 45. Kf1 Kf5 46. Ke1
Ke4 47. Ke2 h5 48. a3 h4 49. a4 h3 0-1

[Event "FSFMA December 2011"]
[Site "Budapest HUN"]
[Date "2011.12.11"]
[Round "9"]
[White "Mester,A"]
[Black "Kozak,Adam"]
[Result "0-1"]
[WhiteElo "2084"]
[BlackElo "1864"]
[WhiteFideId "725587"]
[BlackFideId "753246"]
[EventDate "2011.12.03"]

1. e4 c5 2. Nf3 d6 3. d4 cxd4 4. Nxd4 Nf6 5. Nc3 g6 6. g3 Nc6 7. Nde2 Bg7 8. Bg2
O-O 9. O-O Rb8 10. f4 Qb6+ 11. Kh1 Nd7 12. Nd5 Qd8 13. c3 e6 14. Ne3 Nc5 15. b4
Nxb4 16. cxb4 Bxa1 17. bxc5 dxc5 18. Qc2 Bg7 19. Qxc5 b6 20. Qa3 Qc7 21. e5 Bb7
22. h3 Bxg2+ 23. Kxg2 Rfd8 24. Qb3 Qc6+ 25. Kh2 Rbc8 26. Rf2 Bf8 27. g4 Qe4 28.
Ng3 Qd4 29. Rd2 Qxf4 30. Rxd8 Rxd8 31. Qc3 Bb4 32. Qc7 Rd3 33. Qc8+ Bf8 34. Nf1
Qf2+ 35. Kh1 Rxg3 36. Nxg3 Qxg3 37. g5 Qxh3+ 38. Kg1 Kg7 39. Kf2 Bc5+ 40. Ke2
Qh2+ 41. Kd3 Qxe5 42. Bd2 Qd4+ 43. Kc2 Qa4+ 44. Kd3 Qd4+ 45. Kc2 Qe4+ 46. Kc1
Qd3 47. Qc7 Ba3+ 48. Kd1 Bb2 49. a4 Qb1+ 50. Ke2 Qe4+ 51. Kf1 Bd4 52. Qd8 Qf3+
53. Ke1 Bf2+ 0-1

[Event "FSFMB December 2011"]
[Site "Budapest HUN"]
[Date "2011.12.03"]
[Round "1"]
[White "Mihajlova,D"]
[Black "Shan,H"]
[Result "0-1"]
[WhiteElo "1454"]
[BlackElo "1567"]
[WhiteFideId "468444"]
[BlackFideId "700401"]
[EventDate "2011.12.03"]

1. e4 e6 2. d4 d5 3. Nc3 dxe4 4. Nxe4 Bd7 5. Bd3 Bc6 6. Nf3 Nf6 7. Bg5 Nbd7 8.
Qe2 Be7 9. O-O-O a6 10. Ne5 Nxe5 11. Nxf6+ Bxf6 12. Bxf6 Nxd3+ 13. Qxd3 Qxf6 14.
Qg3 O-O-O 15. c3 Rd5 16. f3 Qg5+ 17. Kb1 Qxg3 18. hxg3 h6 19. c4 Rd7 20. Rh5
Rhd8 21. Rh4 b5 22. b3 Kb8 23. Kc2 bxc4 24. Kc3 cxb3 25. Rb1 Bd5 26. axb3 Ka7
27. b4 Rb8 28. Ra1 Rd6 29. Ra5 Rdb6 30. Rc5 Rc6 31. Rh1 Rbb6 32. Ra1 Rb5 33. Ra4
Kb7 34. Ra1 Rcb6 35. Rb1 a5 36. Rxb5 Rxb5 37. Rb2 Rxb4 38. Rxb4+ axb4+ 39. Kxb4
Kb6 40. g4 g6 41. Kc3 Kb5 42. Kd3 f6 43. Kc3 g5 44. Kd3 Kb4 45. Ke3 Kc3 46. g3
c6 47. f4 Kc4 48. f5 exf5 49. gxf5 h5 0-1

[Event "FSFMB December 2011"]
[Site "Budapest HUN"]
[Date "2011.12.03"]
[Round "1"]
[White "Wanger,T"]
[Black "Somogyi,Akos"]
[Result "1-0"]
[WhiteElo "1846"]
[BlackElo "1258"]
[WhiteFideId "740454"]
[BlackFideId "763330"]
[EventDate "2011.12.03"]

1. d4 d5 2. c4 dxc4 3. Nf3 Nf6 4. Nc3 Bg4 5. Ne5 e6 6. Nxg4 Nxg4 7. e3 Nf6 8.
Bxc4 Bb4 9. Qa4+ Nc6 10. Bb5 Nd5 11. Bxc6+ bxc6 12. Qxc6+ Ke7 13. O-O Qd6 14.
Qc4 c6 15. Bd2 Ba5 16. Ne4 Nb6 17. Nxd6 Nxc4 18. Nxc4 Bxd2 19. Nxd2 Rab8 20. b3
Rhc8 21. Rac1 Kd6 22. Rc5 h6 23. Rfc1 f6 24. Nc4+ Kd7 25. Na5 Rb5 26. Rxb5 cxb5
27. Rxc8 Kxc8 28. Kf1 Kc7 29. Ke2 e5 30. Kd3 Kd6 31. e4 g6 32. d5 f5 33. Nc6 a6
34. b4 f4 35. Nb8 g5 36. f3 h5 37. Nxa6 g4 38. Nc5 Ke7 39. Ne6 Kf6 40. Nxf4 exf4
41. Kd4 h4 42. h3 gxf3 43. gxf3 Ke7 44. e5 Kd8 45. d6 Ke8 46. e6 Kd8 47. Kc5 Kc8
48. Kc6 Kd8 49. Kxb5 Ke8 50. Kc6 Kd8 51. b5 Ke8 52. b6 Kd8 53. b7 Ke8 54. b8=Q# 1-0

[Event "FSFMB December 2011"]
[Site "Budapest HUN"]
[Date "2011.12.03"]
[Round "1"]
[White "Csetneki,M"]
[Black "Engelbrecht,I"]
[Result "1-0"]
[WhiteElo "1679"]
[BlackElo "1651"]
[WhiteFideId "748498"]
[BlackFideId "733563"]
[EventDate "2011.12.03"]

1. d4 d5 2. c4 Bg4 3. Nc3 e6 4. Qb3 Nf6 5. Qxb7 Nbd7 6. Bf4 Bd6 7. Bxd6 cxd6 8.
Qa6 O-O 9. Nf3 e5 10. e3 exd4 11. Nxd4 Nc5 12. Qa3 Qd7 13. cxd5 a6 14. Bc4 Rfc8
15. O-O Bh5 16. Nc6 Bg6 17. Na4 Nxa4 18. Qxa4 Be4 19. Rfd1 Kf8 20. Rac1 Qg4 21.
Bf1 Qh5 22. Qb4 Re8 23. Qxd6+ Kg8 24. Ne7+ Kh8 25. Bxa6 Rxe7 26. Qxe7 Qg4 27.
Bf1 Bxd5 28. Rd4 Qg5 29. b4 Re8 30. Qd6 g6 31. h4 1-0

[Event "FSFMB December 2011"]
[Site "Budapest HUN"]
[Date "2011.12.03"]
[Round "1"]
[White "Takacs,K"]
[Black "Lukacs,Albert"]
[Result "1/2-1/2"]
[WhiteElo "1788"]
[BlackElo "1715"]
[WhiteFideId "741833"]
[BlackFideId "767190"]
[EventDate "2011.12.03"]

1. Nf3 d5 2. d4 Bf5 3. c4 e6 4. cxd5 Bb4+ 5. Nc3 exd5 6. Ne5 Ne7 7. e3 Nd7 8.
Nd3 Bd6 9. Nb5 Nf6 10. Nxd6+ Qxd6 11. Nc5 O-O 12. Bd2 Ne4 13. Nxe4 Bxe4 14. f3
Bg6 15. Qb3 Rfe8 16. Rc1 Rab8 17. Kf2 Nf5 18. g4 Nh4 19. Be2 c6 20. Bb4 Qf6 21.
Qa3 Nxf3 22. Be7 Rxe7 23. Bxf3 Be4 24. Rhf1 Qh4+ 25. Kg1 Rbe8 26. Be2 Qh3 27.
Rf2 Bg6 1/2-1/2

[Event "FSFMB December 2011"]
[Site "Budapest HUN"]
[Date "2011.12.03"]
[Round "1"]
[White "Breen,Anthony"]
[Black "Naghib,P"]
[Result "0-1"]
[WhiteElo "1659"]
[BlackElo "1653"]
[WhiteFideId "2503174"]
[BlackFideId "12511200"]
[EventDate "2011.12.03"]

1. e4 c5 2. Nc3 d6 3. g3 Nf6 4. Bg2 Nc6 5. d3 g6 6. h3 Bg7 7. Be3 O-O 8. Nge2
Qb6 9. Rb1 Qa5 10. O-O Bd7 11. f4 Rac8 12. g4 Bxg4 13. hxg4 Nxg4 14. Bf2 Nxf2
15. Kxf2 c4 16. d4 Nxd4 17. Nxd4 Qc5 18. Na4 Qxd4+ 19. Qxd4 Bxd4+ 20. Kg3 c3 21.
bxc3 Bxc3 22. Rxb7 Bd4 23. c3 Bxc3 24. Rxa7 Bf6 25. Rf2 Bd4 26. Rxe7 Bxf2+ 27.
Kxf2 Rc2+ 28. Kg3 Rxa2 29. Nb6 Rb8 30. Nc4 Rb3+ 31. Bf3 Rd3 32. e5 dxe5 33. Nxe5
Rda3 34. Rxf7 Ra7 35. Rf6 Kg7 36. Rd6 R2a3 37. Kg4 R3a6 38. Rd2 Kf6 39. Re2 h5+
40. Kh4 Ra2 41. Bxh5 gxh5 42. Rxa2 Rxa2 43. Kxh5 Kf5 44. Kh4 Kxf4 45. Ng6+ Kf5
46. Ne7+ Kf6 47. Nd5+ Ke5 48. Ne3 Re2 49. Ng4+ Kf4 50. Kh5 Rg2 51. Nh6 Rg5+ 52.
Kh4 Rg6 53. Kh5 Rg7 0-1

[Event "FSFMB December 2011"]
[Site "Budapest HUN"]
[Date "2011.12.04"]
[Round "2"]
[White "Mayer,I"]
[Black "Naghib,P"]
[Result "1-0"]
[WhiteTitle "FM"]
[WhiteElo "2031"]
[BlackElo "1653"]
[WhiteFideId "700908"]
[BlackFideId "12511200"]
[EventDate "2011.12.03"]

1. e4 c5 2. Nf3 d6 3. Bc4 Nc6 4. O-O Nf6 5. d3 g6 6. a3 Bg7 7. Nc3 O-O 8. Bg5 h6
9. Bh4 g5 10. Bg3 e6 11. e5 dxe5 12. Nxe5 Nd4 13. h4 Nd5 14. hxg5 Qxg5 15. Re1
Nxc3 16. bxc3 Nf5 17. Nf3 Qf6 18. Be5 Qg6 19. d4 cxd4 20. cxd4 f6 21. Bh2 Kh8
22. Qd3 Rg8 23. Rxe6 Bf8 24. Ne1 Nh4 25. Qxg6 Rxg6 26. Re8 Kg7 27. Bd5 Rg5 28.
c4 a6 29. Bf4 Rf5 30. Bg3 Ng6 31. Nf3 Ne7 32. Be4 Rh5 33. d5 Ra7 34. Rd8 Nf5 1-0

[Event "FSFMB December 2011"]
[Site "Budapest HUN"]
[Date "2011.12.04"]
[Round "2"]
[White "Lukacs,Albert"]
[Black "Breen,Anthony"]
[Result "1-0"]
[WhiteElo "1715"]
[BlackElo "1659"]
[WhiteFideId "767190"]
[BlackFideId "2503174"]
[EventDate "2011.12.03"]

1. e4 e6 2. d4 d5 3. e5 c5 4. f4 Nc6 5. Nf3 Nh6 6. c3 c4 7. Be2 Be7 8. Be3 Bd7
9. Nbd2 b5 10. h3 O-O 11. O-O b4 12. g4 Qa5 13. Qc2 f6 14. exf6 Bxf6 15. f5 Nf7
16. g5 Qc7 17. Rf2 Be7 18. g6 hxg6 19. fxe6 Bxe6 20. Qxg6 Bf6 21. Kh1 Ne7 22.
Qg2 Nf5 23. Bg5 Ng3+ 24. Qxg3 Qxg3 25. Rg2 Qxh3+ 26. Rh2 Qf5 27. Be3 bxc3 28.
bxc3 Rab8 29. Rf1 Qc2 30. Nh4 Bxh4 31. Rxh4 Qxc3 32. Rf3 Qa1+ 33. Kg2 c3 34. Rf1
Qxa2 35. Bd3 Nh6 36. Rfh1 cxd2 37. Kg3 Nf5+ 38. Bxf5 1-0

[Event "FSFMB December 2011"]
[Site "Budapest HUN"]
[Date "2011.12.04"]
[Round "2"]
[White "Engelbrecht,I"]
[Black "Takacs,K"]
[Result "1-0"]
[WhiteElo "1651"]
[BlackElo "1788"]
[WhiteFideId "733563"]
[BlackFideId "741833"]
[EventDate "2011.12.03"]

1. e4 c5 2. Bc4 e6 3. Nc3 a6 4. a4 Nc6 5. Nf3 Nf6 6. Qe2 d6 7. O-O Be7 8. d3 h6
9. Bd2 O-O 10. Rfe1 Re8 11. h3 b6 12. Bf4 Bb7 13. Qd2 Bf8 14. Ne2 Qe7 15. c3
Rad8 16. g4 Nh7 17. Ng3 Na5 18. Ba2 d5 19. Ne5 Qh4 20. Kh2 Bd6 21. exd5 Bxe5 22.
Rxe5 Nf6 23. Qe2 Bxd5 24. Bxd5 Nxd5 25. Bd2 Nb3 26. Re1 Nxd2 27. Qxd2 Qf6 28.
R1e4 Ne7 29. Nh5 Qf3 30. Re3 Qc6 31. g5 Nf5 32. gxh6 Nxe3 33. Qxe3 Re7 34. Qg5
f6 35. Nxf6+ Kf8 36. Nh7+ Kg8 37. Qxe7 Rd7 38. Qe8+ Kxh7 39. hxg7 Kxg7 40. Rg5+
Kf6 41. Rg6+ Kf5 42. Rg3 Qc7 43. Qh5+ Kf6 44. Qg5+ Kf7 45. f4 Qd8 46. Qxd8 Rxd8
47. Kg2 c4 48. d4 Kf6 49. Kf3 Rh8 50. Ke4 Rh5 51. Rg8 b5 52. Ra8 Rxh3 53. Rxa6 1-0

[Event "FSFMB December 2011"]
[Site "Budapest HUN"]
[Date "2011.12.04"]
[Round "2"]
[White "Somogyi,Akos"]
[Black "Csetneki,M"]
[Result "0-1"]
[WhiteElo "1258"]
[BlackElo "1679"]
[WhiteFideId "763330"]
[BlackFideId "748498"]
[EventDate "2011.12.03"]

1. e4 e5 2. Nf3 Nc6 3. Bb5 g6 4. d4 exd4 5. Nxd4 Bg7 6. Nxc6 bxc6 7. Ba4 Ba6 8.
Nc3 Qh4 9. Qf3 Ne7 10. Bf4 Rb8 11. O-O-O Bxc3 12. bxc3 Be2 13. Qxe2 Qxf4+ 14.
Rd2 O-O 15. Qe3 Qg4 16. Rhd1 d5 17. f3 Qe6 18. Bb3 Rfd8 19. c4 Qe5 20. Qxa7 Qa1# 0-1

[Event "FSFMB December 2011"]
[Site "Budapest HUN"]
[Date "2011.12.04"]
[Round "2"]
[White "Shan,H"]
[Black "Wanger,T"]
[Result "0-1"]
[WhiteElo "1567"]
[BlackElo "1846"]
[WhiteFideId "700401"]
[BlackFideId "740454"]
[EventDate "2011.12.03"]

1. d4 d5 2. Bf4 Nf6 3. e3 Bf5 4. Nf3 e6 5. h3 h6 6. c4 c6 7. Nc3 Be7 8. Be2 O-O
9. O-O Re8 10. Qb3 Qb6 11. Qxb6 axb6 12. Ne5 Nbd7 13. a3 Red8 14. Rac1 c5 15.
cxd5 exd5 16. Nxd7 Rxd7 17. Bb5 Rdd8 18. Bc7 Rf8 19. Bxb6 c4 20. Bc7 Rfc8 21.
Be5 Rd8 22. f3 Bd3 23. Rfe1 Rac8 24. Na4 Ra8 25. Nb6 Ra5 26. a4 Bb4 27. Bc7 Rf8
28. Nd7 Nxd7 29. Bxa5 Bxa5 30. Bxd7 Rd8 31. Bb5 Bxe1 32. Rxe1 Kf8 33. Rc1 Bg6
34. b3 cxb3 0-1

[Event "FSFMB December 2011"]
[Site "Budapest HUN"]
[Date "2011.12.04"]
[Round "2"]
[White "Jones,Peter"]
[Black "Mihajlova,D"]
[Result "1/2-1/2"]
[WhiteElo "1377"]
[BlackElo "1454"]
[WhiteFideId "3214214"]
[BlackFideId "468444"]
[EventDate "2011.12.03"]

1. d4 Nf6 2. Bf4 e6 3. Nf3 d5 4. h3 Bb4+ 5. Nbd2 Ne4 6. a3 Bd6 7. Be5 f6 8. Bxd6
Qxd6 9. e3 Bd7 10. Nxe4 dxe4 11. Nd2 f5 12. Nc4 Qe7 13. Ne5 g6 14. Nxd7 Nxd7 15.
Bb5 O-O-O 16. c3 Qg5 17. Rh2 Ne5 18. Be2 Kb8 19. Qb3 Nf3+ 20. Bxf3 exf3 21. g3
Qe7 22. O-O-O Rd6 23. Rhh1 Rb6 24. Qc2 h5 25. g4 h4 26. gxf5 exf5 27. Rde1 Qe4
28. Rhg1 Rd8 29. Qxe4 fxe4 30. Rg4 1/2-1/2

[Event "FSFMB December 2011"]
[Site "Budapest HUN"]
[Date "2011.12.05"]
[Round "3"]
[White "Mihajlova,D"]
[Black "Mayer,I"]
[Result "0-1"]
[BlackTitle "FM"]
[WhiteElo "1454"]
[BlackElo "2031"]
[WhiteFideId "468444"]
[BlackFideId "700908"]
[EventDate "2011.12.03"]

1. e4 c5 2. Nf3 d6 3. d4 cxd4 4. Nxd4 Nf6 5. Nc3 g6 6. Be3 Bg7 7. Be2 O-O 8. g4
Nc6 9. g5 Nd7 10. Nxc6 bxc6 11. Qd2 a5 12. h4 a4 13. a3 Ba6 14. Bf3 Ne5 15. Be2
Qa5 16. f4 Bxe2 17. Qxe2 Nd7 18. Bd2 Rfb8 19. Nd5 Qd8 20. Nb4 Qe8 21. e5 dxe5
22. Bc3 c5 23. Nc6 Rb6 24. Nxe5 Nxe5 25. fxe5 Qc6 26. O-O-O Qe6 27. Kb1 Rab8 28.
Ka1 f6 29. h5 fxg5 30. hxg6 Qxg6 31. Qh2 h6 32. Rd5 Rb5 33. Rhd1 Qb6 34. Qd2 c4
35. Rd7 Qe6 36. Rd8+ Kh7 37. Rxb8 Rxb8 38. Qd7 Rb6 39. Qd5 h5 40. Qe4+ Qg6 41.
Qxc4 Qxc2 42. Qd3+ Qxd3 43. Rxd3 Re6 44. Rd5 Kg6 45. Kb1 Kf5 46. Ra5 0-1

[Event "FSFMB December 2011"]
[Site "Budapest HUN"]
[Date "2011.12.05"]
[Round "3"]
[White "Wanger,T"]
[Black "Jones,Peter"]
[Result "1-0"]
[WhiteElo "1846"]
[BlackElo "1377"]
[WhiteFideId "740454"]
[BlackFideId "3214214"]
[EventDate "2011.12.03"]

1. d4 c6 2. c4 Nf6 3. Nf3 d5 4. Nc3 dxc4 5. a4 Bf5 6. e3 e6 7. Bxc4 Bb4 8. O-O
Ne4 9. Qb3 Qa5 10. Na2 Na6 11. Bxa6 bxa6 12. Qxb4 Qc7 13. Nc3 Rb8 14. Qa3 Nd6
15. b3 Bg4 16. Ne5 Bf5 17. e4 Nxe4 18. Nxe4 Bxe4 19. Bf4 Qa5 20. Nc4 Qd5 21.
Nd6+ Kd7 22. Nxe4 Rxb3 23. Nc5+ Kc8 24. Qxb3 Qxb3 25. Nxb3 h6 26. Nc5 g5 27. Be5
Rh7 28. Rab1 Kd8 29. Rb7 h5 30. Bd6 h4 31. Rb8# 1-0

[Event "FSFMB December 2011"]
[Site "Budapest HUN"]
[Date "2011.12.05"]
[Round "3"]
[White "Csetneki,M"]
[Black "Shan,H"]
[Result "1-0"]
[WhiteElo "1679"]
[BlackElo "1567"]
[WhiteFideId "748498"]
[BlackFideId "700401"]
[EventDate "2011.12.03"]

1. d4 e6 2. c4 d5 3. Nc3 c6 4. Nf3 f5 5. g3 Bd6 6. Bg2 Nf6 7. b3 O-O 8. O-O b6
9. e3 Ba6 10. Nd2 Nbd7 11. Re1 Ne4 12. Ndxe4 fxe4 13. Bb2 Qg5 14. Qc1 Qe7 15.
Ne2 Rac8 16. a4 Nf6 17. a5 Ra8 18. axb6 axb6 19. Ba3 Bxa3 20. Rxa3 Ng4 21. Rf1
b5 22. Qa1 Qb7 23. Nf4 Rfe8 24. Bh3 Nf6 25. Nxe6 Qc8 26. Rxa6 1-0

[Event "FSFMB December 2011"]
[Site "Budapest HUN"]
[Date "2011.12.05"]
[Round "3"]
[White "Breen,Anthony"]
[Black "Engelbrecht,I"]
[Result "1-0"]
[WhiteElo "1659"]
[BlackElo "1651"]
[WhiteFideId "2503174"]
[BlackFideId "733563"]
[EventDate "2011.12.03"]

1. e4 e5 2. Nf3 Nc6 3. Bb5 d6 4. d4 Bd7 5. Nc3 Nf6 6. O-O a6 7. Bxc6 Bxc6 8.
dxe5 dxe5 9. Nxe5 Qxd1 10. Rxd1 Bxe4 11. Re1 O-O-O 12. Nxe4 Nxe4 13. Nxf7 Bb4
14. c3 Bc5 15. Be3 1-0

[Event "FSFMB December 2011"]
[Site "Budapest HUN"]
[Date "2011.12.05"]
[Round "3"]
[White "Naghib,P"]
[Black "Lukacs,Albert"]
[Result "0-1"]
[WhiteElo "1653"]
[BlackElo "1715"]
[WhiteFideId "12511200"]
[BlackFideId "767190"]
[EventDate "2011.12.03"]

1. c4 e5 2. Nc3 Nc6 3. Nf3 Nf6 4. d4 exd4 5. Nxd4 Nxd4 6. Qxd4 Be7 7. e3 b6 8.
Nd5 Nxd5 9. cxd5 O-O 10. Bd3 Bf6 11. Qg4 a5 12. h4 Qe7 13. a3 Qe5 14. h5 d6 15.
Qf3 Bb7 16. e4 Bxd5 17. Rb1 Rae8 18. O-O Bxe4 19. Bxe4 Qxe4 20. Qxe4 Rxe4 21.
Be3 d5 22. f3 0-1

[Event "FSFMB December 2011"]
[Site "Budapest HUN"]
[Date "2011.12.06"]
[Round "4"]
[White "Mayer,I"]
[Black "Lukacs,Albert"]
[Result "1-0"]
[WhiteTitle "FM"]
[WhiteElo "2031"]
[BlackElo "1715"]
[WhiteFideId "700908"]
[BlackFideId "767190"]
[EventDate "2011.12.03"]

1. e4 c5 2. Nf3 Nc6 3. Bc4 e6 4. Nc3 a6 5. a4 Nf6 6. Ba2 Qb6 7. O-O Be7 8. h3 d6
9. d3 O-O 10. Bd2 Rd8 11. Qe1 Qc7 12. Bf4 Nd4 13. Qd1 Nxf3+ 14. Qxf3 Qc6 15.
Rfe1 Nd7 16. Qg3 Bf8 17. Bg5 Re8 18. a5 Kh8 19. Bb3 Be7 20. Bxe7 Rxe7 21. Nd5
Re8 22. Ba4 b5 23. axb6 Qb7 24. Nc7 Rd8 25. Nxa8 Nf6 26. e5 dxe5 27. Rxe5 Nd5
28. Nc7 f6 29. Rh5 Ne7 30. Ne8 g6 31. Nd6 Rxd6 32. Qxd6 gxh5 33. Bc6 Qxc6 34.
Qxe7 Kg8 35. Qc7 1-0

[Event "FSFMB December 2011"]
[Site "Budapest HUN"]
[Date "2011.12.06"]
[Round "4"]
[White "Engelbrecht,I"]
[Black "Naghib,P"]
[Result "0-1"]
[WhiteElo "1651"]
[BlackElo "1653"]
[WhiteFideId "733563"]
[BlackFideId "12511200"]
[EventDate "2011.12.03"]

1. e4 c5 2. Bc4 d6 3. Nf3 Nf6 4. Nc3 a6 5. a4 e6 6. O-O Be7 7. d3 Nc6 8. Bd2 O-O
9. Ne2 d5 10. exd5 exd5 11. Ba2 Bg4 12. Bf4 Bxf3 13. gxf3 Bd6 14. Bg3 Qc7 15.
Kg2 b5 16. axb5 axb5 17. c3 Rfe8 18. Qc2 Re6 19. Qd2 c4 20. d4 Nh5 21. b3 Rg6
22. bxc4 bxc4 23. Rfe1 Nf4+ 24. Nxf4 Bxf4 25. Qc2 Ne7 26. Rad1 Qd7 27. Bb1 Raa6
28. Kh1 Bxg3 29. fxg3 Rh6 30. Re2 Raf6 31. Rdd2 Re6 0-1

[Event "FSFMB December 2011"]
[Site "Budapest HUN"]
[Date "2011.12.06"]
[Round "4"]
[White "Somogyi,Akos"]
[Black "Breen,Anthony"]
[Result "0-1"]
[WhiteElo "1258"]
[BlackElo "1659"]
[WhiteFideId "763330"]
[BlackFideId "2503174"]
[EventDate "2011.12.03"]

1. e4 e6 2. d4 d5 3. exd5 exd5 4. Nf3 Bd6 5. Nc3 c6 6. Bd3 Ne7 7. Be3 Qc7 8. Qd2
Nd7 9. g3 Nb6 10. O-O Bg4 11. Be2 h6 12. Bf4 Bxf4 13. Qxf4 Qxf4 14. gxf4 f6 15.
Nd2 Bf5 16. Bh5+ Kd7 17. Rac1 g6 18. Bf3 Rag8 19. Kh1 g5 20. fxg5 hxg5 21. Rg1
Rh4 22. Ne2 Rgh8 23. Nf1 Nc4 24. b3 Nd2 25. Kg2 Bh3+ 26. Kg3 Nf5# 0-1

[Event "FSFMB December 2011"]
[Site "Budapest HUN"]
[Date "2011.12.06"]
[Round "4"]
[White "Shan,H"]
[Black "Takacs,K"]
[Result "1/2-1/2"]
[WhiteElo "1567"]
[BlackElo "1788"]
[WhiteFideId "700401"]
[BlackFideId "741833"]
[EventDate "2011.12.03"]

1. d4 Nf6 2. Bf4 c5 3. e3 e6 4. Nf3 cxd4 5. exd4 Nc6 6. c3 d5 7. Bd3 a6 8. O-O
Be7 9. Nbd2 O-O 10. Re1 h6 11. h3 b5 12. a3 Bb7 13. Ne5 Nxe5 14. dxe5 Nd7 15.
Qg4 g5 16. h4 Kh8 17. hxg5 Bxg5 18. Re3 Bxf4 19. Qxf4 Qg5 20. Qh2 f5 21. f4 Qg7
22. Rg3 Qh7 23. Re1 Rg8 24. Rh3 Rg6 25. Ree3 Rag8 26. Reg3 Nc5 27. Be2 Rxg3 28.
Rxg3 Rxg3 29. Qxg3 Qg7 30. Qxg7+ Kxg7 31. b4 Ne4 32. Nxe4 dxe4 33. Kf2 Bd5 34.
Ke3 Kg6 35. Kd4 h5 36. c4 bxc4 37. Bxc4 Bxc4 38. Kxc4 Kf7 39. a4 Ke7 40. g3 Kd7
41. Kd4 Kc6 42. Kc4 1/2-1/2

[Event "FSFMB December 2011"]
[Site "Budapest HUN"]
[Date "2011.12.06"]
[Round "4"]
[White "Mihajlova,D"]
[Black "Wanger,T"]
[Result "0-1"]
[WhiteElo "1454"]
[BlackElo "1846"]
[WhiteFideId "468444"]
[BlackFideId "740454"]
[EventDate "2011.12.03"]

1. e4 e6 2. d4 d5 3. Nc3 Nf6 4. e5 Nfd7 5. Nf3 c5 6. Bg5 Qb6 7. Na4 Qa5+ 8. c3
cxd4 9. b4 Qc7 10. cxd4 Bxb4+ 11. Nd2 Nxe5 12. dxe5 Qxe5+ 13. Be3 d4 14. Rc1 O-O
15. Qe2 dxe3 16. fxe3 Bd7 17. a3 Bxd2+ 18. Qxd2 Bxa4 19. Bd3 Bb5 20. O-O Bxd3
21. Qxd3 Nc6 22. Rf3 Qb2 23. Qf1 Qxa3 24. e4 Qb4 25. Re1 Qd4+ 26. Ree3 Ne5 27.
Rg3 Ng4 28. e5 g6 29. Rxg4 Qxe3+ 30. Kh1 Rac8 0-1

[Event "FSFMB December 2011"]
[Site "Budapest HUN"]
[Date "2011.12.07"]
[Round "5"]
[White "Csetneki,M"]
[Black "Mihajlova,D"]
[Result "1-0"]
[WhiteElo "1679"]
[BlackElo "1454"]
[WhiteFideId "748498"]
[BlackFideId "468444"]
[EventDate "2011.12.03"]

1. d4 Nf6 2. c4 e5 3. dxe5 Ne4 4. Nf3 b6 5. g3 Bb7 6. Bg2 Bb4+ 7. Nbd2 Ng5 8.
O-O Bxd2 9. Bxd2 Nxf3+ 10. exf3 Qe7 11. f4 Bxg2 12. Kxg2 Qe6 13. b3 Nc6 14. Qf3
O-O-O 15. Bc3 h5 16. h4 Kb8 17. Qd5 Qg6 18. b4 Ne7 19. Qf3 Nf5 20. Kh1 d6 21.
exd6 Nxd6 22. c5 Ne4 23. f5 Qg4 24. Qxg4 hxg4 25. Bxg7 Rh5 26. Rae1 Re8 27. Kg1
Rxf5 28. Re3 f6 29. Rfe1 Rg8 30. Rxe4 Rxg7 31. cxb6 axb6 32. Re7 Rg6 33. Rc1 c5
34. bxc5 Rxc5 35. Rxc5 bxc5 36. Kf1 c4 37. Ke2 f5 38. Kd2 Ra6 39. Re2 Rxa2+ 40.
Ke3 Rxe2+ 41. Kxe2 Kc7 42. h5 Kd6 43. h6 c3 44. h7 Kd5 45. h8=Q Kc4 46. Qc8+ Kb3
47. Kd3 1-0

[Event "FSFMB December 2011"]
[Site "Budapest HUN"]
[Date "2011.12.07"]
[Round "5"]
[White "Breen,Anthony"]
[Black "Shan,H"]
[Result "1/2-1/2"]
[WhiteElo "1659"]
[BlackElo "1567"]
[WhiteFideId "2503174"]
[BlackFideId "700401"]
[EventDate "2011.12.03"]

1. g3 e6 2. Bg2 d5 3. c4 c6 4. d4 Bd6 5. Nf3 f5 6. O-O Nf6 7. Qc2 O-O 8. b3 Qe7
9. Bf4 Bxf4 10. gxf4 Ne4 11. Nbd2 b6 12. Ne5 Bb7 13. Ndf3 Nd7 14. e3 Nxe5 15.
Nxe5 Rac8 16. Bxe4 dxe4 17. c5 Rf6 18. b4 bxc5 19. bxc5 Ba6 20. Rfe1 Rh6 21. f3
exf3 22. Nxf3 Rg6+ 23. Kh1 Qd8 24. Rg1 Rxg1+ 25. Rxg1 Qd5 26. Qg2 Rc7 27. Ng5
Bc4 28. Rb1 g6 29. Rb8+ Kg7 30. a3 Qxg2+ 31. Kxg2 Bd5+ 32. Kg3 1/2-1/2